• 首页
  • 本馆介绍
  • 公告通知
  • 最新文献
  • 馆藏检索
  • 电子资源
  • 读者导购
  • 参考咨询
  • 我的图书馆
  • 登录
  • 详细信息显示
  • 放入我的书架
  • 预约/预借图书
  • 作者相关作品
  • 分类相关作品
  • 丛书相关作品
  • 出版社相关作品

书目信息

  • 表格格式
  • 工作单格式
  • 卡片格式
题名:
睿智贤德——独孤伽罗
    
 
作者: 姜越 主编
分册:  
出版信息: 沈阳   辽宁人民出版社  2017
页数: 213页
开本: 23cm
丛书名:
单 册:
中图分类: K827=41
科图分类:
主题词: 皇后--huang hou--传记--中国--隋代
电子资源:
ISBN: 978-7-205-08838-5
000 00749nam0 22002411 450
001 0119171335
005 20170620101527.51
010    @a978-7-205-08838-5@dCNY36.00
100    @a20170328d2017 em y0chiy50 ea
101 0  @achi
102    @aCN@b210000
105    @aa z 000zb
106    @ar
200 1  @a睿智贤德——独孤伽罗@9rui zhi xian de du gu ga luo@f姜越主编
210    @a沈阳@c辽宁人民出版社@d2017
215    @a213页@c图@d23cm
300    @a帝后传奇
330    @a本书生动细腻地讲述了独孤伽罗的一生。内容包括:鲜卑贵族、危机重重、幼主登基、大隋黄泉等。
606 0  @a皇后@9huang hou@x传记@y中国@z隋代
690    @aK827=41@v5
701  0 @a姜越@9jiang yue@4主编
801  0 @aCN@b百万庄@c20170617
905    @b1012977-82@dK827=41@e684@f6
    
    睿智贤德——独孤伽罗/姜越主编.-沈阳:辽宁人民出版社,2017
    213页:图;23cm
    帝后传奇
    
    ISBN 978-7-205-08838-5:CNY36.00
    本书生动细腻地讲述了独孤伽罗的一生。内容包括:鲜卑贵族、危机重重、幼主登基、大隋黄泉等。
●
相关链接 在E读中查询图书 在五车中查询图书 在当当中查询图书 在豆瓣中查询图书


正题名:睿智贤德——独孤伽罗     索取号:K827=41/684         预约/预借

序号 登录号 条形码 馆藏地/架位号 状态 备注
1 1012977   210129779   第二样本阅览室/ [索取号:K827=41/684] 在馆    
2 1012978   210129788   教育系资料室/ [索取号:K827=41/684] 在馆    
3 1012979   210129797   教育系资料室/ [索取号:K827=41/684] 在馆    
4 1012980   210129804   教育系资料室/ [索取号:K827=41/684] 在馆    
5 1012981   210129813   第二借阅区/ [索取号:K827=41/684] 在馆    
6 1012982   210129822   第二借阅区/ [索取号:K827=41/684] 在馆    
唐山师范学院图书馆 欢迎您!
大连网信软件有限公司© 版权所有